000
00294nam a2200121Ia 4500
008
190216s9999||||xx |||||||||||||| ||und||
100
_a
Arthur F Kip
245
0
_a
Fundamentals Of Electricity And Magnetism
260
_b
Mcgraw -hill
_c
1969
300
_a
621p
650
_a
Physics
942
_c
BK
999
_c
33256
_d
33256